Granátové jablká Sergeja Paradžanova

Bibliographic Details
Main Author: Cereteli, Kora (Author)
Format: Article
Language:Slovak
PhysicalDescription:Obr. 2.
Subjects:

MARC

LEADER 00000nab a2200000 a 4500
001 vtls000359260
003 SK-MaSNL
005 20260304081210.0
008 250424c1989 xo 0 slo
015 |a SNBRB19rr/mm-uuuuu 
035 |a CL0359382 
035 |a urn:nbn:sk:snk-ab1d99 
035 |a (urnnbn)urn:nbn:sk:snk:ar-00289o 
035 |a (uuid)3766b26d-c4ce-445b-a7da-c511f16075aa 
040 |a SNKBUCL  |b slo  |c SNKBUCL  |e AACR2 
041 0 |a slo 
044 |a xo  |c SK 
080 |a 791.44.071.2  |2 1981 
080 |a 929 Paradžanov, Sergej  |2 1981 
100 1 |a Cereteli, Kora  |4 aut  |9 1369444 
245 1 0 |a Granátové jablká Sergeja Paradžanova  |c Kora Cereteli ; Sergej Paradžanov 
300 |b Obr. 2. 
600 1 7 |a Paradžanov, Sergej  |d 1924-  |x profily  |2 snkbucl  |9 1369445 
650 0 7 |a Paradžanov, Sergej  |2 snkbucl  |9 1030444 
655 7 |a články z novín a časopisov  |2 snkbucl  |9 267496 
773 0 |t Film a divadlo  |g Roč. 33, č. 8 (1989), s. 27 
850 |a Slovenská národná knižnica 
852 |a Slovenská národná knižnica 
954 |a odborná, vedecká literatúra pôvodná (slovenská)  |2 lita 
958 |a article27 
958 |a OND 
958 |a RK 
958 |a SU 
958 |a EUIPO 
992 |a RBX 
999 |c 2789913  |d 2791843